Normal view MARC view

Entry Personal Name

Number of records used in: 2

001 - CONTROL NUMBER

  • control field: 34904

003 - CONTROL NUMBER IDENTIFIER

  • control field: dpl

005 - DATE AND TIME OF LATEST TRANSACTION

  • control field: 20110927105409.0

008 - FIXED-LENGTH DATA ELEMENTS

  • fixed length control field: 110927|||a|||||| | ||| d

040 ## - CATALOGING SOURCE

  • Original cataloging agency: dpl
  • Transcribing agency: dpl

100 ## - HEADING--PERSONAL NAME

  • Personal name: Baker, M. Pauline

670 ## - SOURCE DATA FOUND

  • Source citation: Work cat.: (dpl): Hearn, Donald 34903, Computer graphics /, 2000

670 ## - SOURCE DATA FOUND

  • Source citation: Work cat.: (dpl): Hearn, Donald 34903, Computer graphics /, 2000

© Delhi Public Library
Hit Counter
free hit counter